Zawody filmowe #1 - Statystyki

Ogólne statystyki
  • Ten quiz został rozwiązany 60 razy
  • Średni wynik to 6 z 21
Statystyki odpowiedzi
Postać Zawód % Poprawnych
Jack Sparrow Pirat
94%
Rocky Balboa Bokser
67%
Indiana Jones Archeolog
65%
John McClane Oficer policji
51%
Spartakus Gladiator
49%
James Bond Szpieg
49%
Clark Kent Dziennikarz
47%
Boba Fett Łowca nagród
37%
Derek Zoolander Model
29%
Pepper Potts Sekretarka
25%
Atticus Finch Prawnik
22%
Mr. Miyagi Konserwator
18%
Dżafar Wielki Wezyr
14%
Greg Focker Pielęgniarz
8%
Clarice Starling Agentka FBI
6%
Ron Burgundy Prezenter wiadomości
6%
Deuce Bigalow Żigolak
6%
Peter Venkman Pogromca duchów
4%
Danny Noonan Caddy
2%
Karl Hungus Gwiazda porno
0%
Vincent Vega Hitman
0%
Nie znaleziono quizów pasujących do podanych kryteriów
Rozkład punktacji
Procent ludzi z każdym wynikiem
Percentyl według liczby udzielonych odpowiedzi
Twoja historia wyników
Nie rozwiązałeś tego quizu